| 000 | 01472nam a22003737a 4500 | ||
|---|---|---|---|
| 003 | CHAP | ||
| 005 | 20220329141226.0 | ||
| 008 | 971010s1978 r 00010 d | ||
| 010 | _a64690 | ||
| 011 | _a65662 | ||
| 035 | _a72914 | ||
| 040 | _cCHAP | ||
| 082 |
_a631.3 _bU5 |
||
| 100 | 0 | 0 |
_aUlloa Torres, Omar. _9116059 |
| 245 |
_aMaquinaria agrícola II _b: apuntes de clases |
||
| 260 |
_aChapingo, Méx. : _bUACH. Departamento de Maquinaria Agrícola, _c1978 |
||
| 300 |
_a333 p. _b: ilus. |
||
| 590 |
_aBATCH-UPD _b10 _c20130110 _lUCH01 _h0727 |
||
| 590 |
_aBATCH-UPD _b10 _c20130410 _lUCH01 _h0411 |
||
| 590 |
_aBATCH-UPD _b10 _c20130914 _lUCH01 _h1758 |
||
| 590 |
_aCONVERSION _b10 _c20130109 _lUCH01 _h1335 |
||
| 650 | 1 | 4 |
_aMaquinaria agrícola _xMéxico. _971186 |
| 901 | _aBK | ||
| 942 | _cLIBRO | ||
| 949 |
_a631.3 U5 _bBC _cLIBRO _d33724000058673 _eLIBRO _fc.7 _h66022 _i72914 _si |
||
| 949 |
_a631.3 U5 _bBC _cLIBRO _d33724000745634 _eLIBRO _fc.4 _h54414 _i72914 _si |
||
| 949 |
_a631.3 U5 _bBC _cLIBRO _d33724000889325 _eLIBRO _fc.2 _h54412 _i72914 _si |
||
| 949 |
_a631.3 U5 _bBC _cLIBRO _d33724000972543 _eLIBRO _fc.6 _h54416 _i72914 _si |
||
| 949 |
_a631.3 U5 _bBC _cLIBRO _d33724002020074 _eLIBRO _fc.3 _h54413 _i72914 _si |
||
| 949 |
_a631.3 U5 _bBC _cMUT _d-153455 _eMUT _fc.5 _i72914 _si |
||
| 949 |
_a631.3 U5 _bBC _cUACH _d-142826 _eUACH _h48000 _i72914 _si |
||
| 949 |
_a631.3 U5 _bPA _cLIBRO _d-142814 _eLIBRO _h1639 _i72914 _si |
||
| 949 |
_a631.3 U5 _bPA _cLIBRO _d-58588 _eLIBRO _fc.2 _h1640 _i72914 _si |
||
| 999 |
_c64690 _d64690 |
||